Every Defensive Player of the Year NBA - Statistics

General Stats
  • This quiz has been taken 32 times
  • The average score is 28 of 42
Answer Stats
Year Answer % Correct
2005-2006 Ben Wallace
96%
2004-2005 Ben Wallace
96%
2002-2003 Ben Wallace
96%
2001-2002 Ben Wallace
96%
1987-1988 Michael Jordan
96%
2023-2024 Rudy Gobert
83%
2020-2021 Rudy Gobert
83%
2018-2019 Rudy Gobert
83%
2017-2018 Rudy Gobert
83%
2019-2020 Giannis Antetokounmpo
79%
2000-2001 Dikembe Mutombo
75%
1997-1998 Dikembe Mutombo
75%
1996-1997 Dikembe Mutombo
75%
1994-1995 Dikembe Mutombo
75%
1989-1990 Denis Rodman
71%
1990-1991 Dennis Rodman
71%
2010-2011 Dwight Howard
71%
2009-2010 Dwight Howard
71%
2008-2009 Dwight Howard
71%
1995-1996 Gary Payton
71%
1993-1994 Hakeem Olajuwon
71%
1992-1993 Hakeem Olajuwon
71%
2022-2023 Jaren Jackson Jr
71%
2021-2022 Marcus Smart
71%
2016-2017 Draymond Green
67%
2007-2008 Kevin Garnett
67%
2012-2013 Marc Gasol
67%
1991-1992 David Robinson
63%
2015-2016 Kawhi Leonard
63%
2014-2015 Kawhi Leonard
63%
2013-2014 Joakim Noah
54%
1988-1989 Mark Eaton
54%
1984-1985 Mark Eaton
54%
1983-1984 Sidney Moncrief
46%
1982-1983 Sidney Moncrief
46%
2011-2012 Tyson Chandler
46%
2003-2004 Metta World Peace
42%
1986-1987 Michael Cooper
42%
1999-2000 Alonzo Mourning
38%
1998-1999 Alonzo Mourning
38%
2006-2007 Marcus Camby
33%
1985-1986 Alvin Robertson
25%
No matching quizzes found
Score Distribution
Percent of People with Each Score
Percentile by Number Answered
Your Score History
You have not taken this quiz